Normal view MARC view

Entry Topical Term

Number of records used in: 2

001 - CONTROL NUMBER

  • control field: 379

003 - CONTROL NUMBER IDENTIFIER

  • control field: OSt

005 - DATE AND TIME OF LATEST TRANSACTION

  • control field: 20140708165034.0

008 - FIXED-LENGTH DATA ELEMENTS

  • fixed length control field: 140708|| aca||aabn | a|a d

040 ## - CATALOGING SOURCE

  • Original cataloging agency: OSt
  • Transcribing agency: OSt

150 ## - HEADING--TOPICAL TERM

  • Topical term or geographic name entry element: Nervous system
  • Form subdivision: Atlases.

670 ## - SOURCE DATA FOUND

  • Source citation: Work cat.: (OSt)144: Felten, David L. 378, Netter's atlas of neuroscience /, 2010.